| 000 | 01119cam a22002411i 4500 | ||
|---|---|---|---|
| 003 | SA-RiAUC | ||
| 005 | 20251111065423.0 | ||
| 008 | 250928q19001999ua a g b 00100 ara c | ||
| 040 |
_aSA-JeALM _bara _cSA-RiAUC _erda |
||
| 082 | 0 | 4 |
_a011 _qSA-RiAUC |
| 090 |
_a011 _bا ب ن ن |
||
| 100 | 1 |
_aابن النديم، محمد بن إسحاق بن محمد، _dتوفي 438 هجري _eمؤلف. |
|
| 245 | 1 | 2 |
_aالفهرست لابن النديم / _cأبو الفرج محمد بن إسحاق بن محمد بن إسحاق بن أبي يعقوب النديم الوراق البغدادي. |
| 264 | 1 |
_aالقاهرة : _bالمكتبة التجارية الكبرى، _c[بين 1900 و1999] |
|
| 300 |
_a542 صفحة : _bإيضاحيات _c24 سم. |
||
| 336 |
_aنص _btxt _2rdacontent _3كتاب |
||
| 337 |
_aبدون وسيط _bn _2rdamedia |
||
| 338 |
_aمجلد _bnc _2rdacarrier |
||
| 501 | _aمع مقدمة شائقة عن حياة ابن النديم وفضل الفهرست. | ||
| 650 | 7 |
_aالببليوجرافيات العامة _2aucsh |
|
| 942 |
_2ddc _cBOOK _n0 |
||
| 949 |
_aSA-JeALM _d250928 _uosman123 _n1 |
||
| 999 |
_c13155 _d13155 |
||